| 000 | 01214nam a22002657a 4500 | ||
|---|---|---|---|
| 005 | 20170124102932.0 | ||
| 010 | _aB-004305 | ||
| 020 |
_c00.00 _a8174871683 |
||
| 035 | _aB-004305 | ||
| 037 | _bCen Lib/Ret | ||
| 040 |
_aDPL _bHN |
||
| 082 |
_a341.2 _bगैरोला |
||
| 100 |
_aगैरोला, रामानन्द _945541 |
||
| 245 |
_aअन्तराष्ट्रीय संगठन / _cरामानन्द गैरोला |
||
| 246 |
_aAnatarrashtriye sangathan / _bby Ramanand Gairola |
||
| 260 |
_bराधा पब्लिकेशन्स _aनई दिल्ली _c1999 |
||
| 270 |
_a4378/4B, अंसारी रोड, दरियागंज _bनई दिल्ली _e110002 |
||
| 300 |
_ax,346पृ. _c21सेमी (सजिल्द) |
||
| 500 | _aसंदर्भ शामिल | ||
| 650 |
_aअन्तराष्ट्रीय संगठन -- विकास _945542 |
||
| 650 |
_aसंयुक्त राष्ट्रसंघ _945543 |
||
| 650 |
_aInternational organizations - development _945544 |
||
| 650 |
_aUnited Nations Organisation _96216 |
||
| 942 |
_2ddc _cHN _h341.2 _mगैरोला |
||
| 999 |
_c112027 _d112027 |
||